| 000 | 00585nam a2200193 i 4500 | ||
|---|---|---|---|
| 001 | 41629 | ||
| 003 | ES-MaACL | ||
| 005 | 20250323192208.0 | ||
| 007 | t| | ||
| 008 | 030311s1965 sp ||||1| spa d | ||
| 100 | 1 |
_aCasanelles, E. _936089 |
|
| 245 | 1 | 0 |
_aNueva visión de Gaudí / _cE. Casanelles. |
| 260 |
_a[S.l. : _bs.n., _c1965] ( _eBarcelona : _fLa Polígrafa) |
||
| 300 |
_a132 p., 129 lám. col. y n. ; _c23 cm. |
||
| 600 | 1 | 4 |
_aGaudí, Antoni, _d1852-1926 _955994 |
| 852 |
_aES-MaACL _jC-26678 _bR.55735 |
||
| 852 |
_aES-MaACL _jC-27351 _bR.56382 |
||
| 999 |
_c41629 _d41629 |
||